OSMAN GAZİ (Record no. 796167)
[ view plain ]
| 000 -LEADER | |
|---|---|
| sabit uzunluktaki kontrol alanı | 00235nam a2200097Ia 4500 |
| 001 - KONTROL NUMARASI | |
| kontrol alanı | 796167 |
| 005 - EN SON İŞLEMİN TARİH VE ZAMANI | |
| kontrol alanı | 20250826170742.0 |
| 008 - SABİT-UZUNLUKTA VERİ ÖĞELERİ--GENEL BİLGİ | |
| sabit uzunluktaki kontrol alanı | 250824s9999 xx 000 0 und d |
| 245 #0 - ESER / YAZAR | |
| ESER ADI | OSMAN GAZİ |
| Yazar Adı | MUSTAFA AKGÜN |
| 260 ## - YAYIN, DAĞITIM, VB. | |
| YAYIN EVİ | PANAMA YAYINLARI |
| Düşüm durumu | Kayıp durumu | Hasar Durumu | Ödünç verilmez | Ana kütüphane | Geçerli Kütüphane | Edinilen tarih | Toplam ödünç verme sayısı | Barkod | Son görüntüleme tarihi | Son ödünç verme tarihi | Fiyatın geçerli olmaya başladığı tarih | Koha materyal türü |
|---|---|---|---|---|---|---|---|---|---|---|---|---|
| İSMAİL KAYA ANADOLU İMAM HATİP LİSESİ | İSMAİL KAYA ANADOLU İMAM HATİP LİSESİ | 24.08.2025 | 1 | 10505754 | 05.12.2025 | 28.11.2025 | 26.08.2025 | Books |